000 00707nam a2200289Ia 4500
005 20260324113553.0
008 008 260324s9999 xx 000 0 eng d
020 _a9781003216261
037 _aEBOOK
040 _aCRL
040 _beng
040 _cCRL
041 _2eng
041 _aeng
084 _qCRL
100 _aDrew Matott; Gretchen Miller
_91147299
245 4 _aThe Art and Art Therapy of Papermaking
245 0 _bMaterial, Methods, and Applications
260 _bTaylor and Francis
260 _c2023
365 _a
365 _b205
856 _uhttp://www.taylorfrancis.com/books/9781003216261
942 _cEBOOK
999 _c1737027
_d1737027